000 01540nam a22002777a 4500
003 OSt
005 20250710091951.0
008 230706s2022 ck ||||er|||| 00| fdspa d
020 _a9789585457669
040 _aCO-JMCR
_cCO-JMCR
_bspa
_dCO-JMCR
_erda
041 1 _aspa
_heng
082 0 4 _bA-N
_2GRIs1
100 1 _aGrisham, John,
_eautor
_952
245 1 3 _aEl sueño de Sooley /
_cJohn Grisham ; traducción de Gabriel Dols Gallardo,
250 _aPrimera edición
260 _aBogotá :
_bPlaza Janés,
_c2022
300 _a443 páginas ;
_c23 cm.
500 _aIncluye datos biográficos del autor en la solapa posterior
500 _aTitulo original: Sooley
500 _aTraducido del ingles
520 3 _aSamuel Sooleymon es un adolescente de Sudán del sur con un gran amor por el baloncesto, un salto prodigioso y la velocidad del rayo. Un torneo de exhibición por Estados Unidos puede convertirse en su gran oportunidad, pero sus condiciones naturales necesitan trabajo y Sooley pronto se da cuenta de que le quede un largo camino por recorrer. Sin embargo, él cuenta con algo que ninguno de sus compañeros posee: una feroz determinación por triunfar y así ayudar a su familia a escapar de la guerra que asola su país. Y para ello necesitara hacer lo que ningún otro jugador ha logrado: convertirse en una leyenda en solo doce meses.
650 1 4 _aNovela estadounidense
_ySiglo xxi
_98335
650 1 4 _aDeporte en la literatura
_943041
700 1 _aDols Gallardo, Gabriel,
_etraductor
_942751
942 _2ddc
_cBK
999 _c30049
_d16433